00453nam a2200145Ia 4500008004100000020001800041041000800059082001600067100001600083245009700099250000600196260006100202300001900263650002500282210716s2010 xx 000 0 und d a9780070667648 aeng a005.41 KAMR aKamal, Raj. aEmbedded systems: architecture programming and design.bArchitecture programming and design. a3 aNew DelhibTata McGraw Hill Publishing Company Ltdc2010 axxii,681/ 2015 aEmbedded Programming